1738 1861 1377 1722 1913 1137 1716 1773 1718 1866 1319 1936 1960 1451 1420 1189 1657 1581 1934 1765 1896 1162 1812 1668 1201 1502 1152 1963 1585 1337 1483 1162 1576 1172 1046 1356 1839 1553 1453 1179 1755 1175 1120 1019 1550 1710 1884 1172 1616 1970 1282 1604 1845 1772 1378 1953 1633 1040 1264 1458 1418 1848 1040 1762 1364 1317 1056 1768 1077 1198 1490 1589 1277 1876 1690 1357 1502 1410 1224 1198 1902 1235 1436 1859 1542 1970 1208 1153 1187 1027 1362 1985 1589 1405 1565 1403 1118 1425 1642 BCNSPRNW ULIB Ver.6.0+V

เปลี่ยนเป็นภาษาไทย

Change to English
 แสดงรายละเอียดบรรณานุกรม
  กลับหน้าหลัก

Brief Record : Get Marc (ISO 2709) : E-mail record : QR code < ปิดหน้าต่าง
LEADER : 00000nam 2200000uu 4500
001    13399113485
003     ULIB
008    111121s2551||||th 000 0 tha d
020    ^a9789740537960
090    ^aนว.^bน190ว 2551
100 0  ^aนภชล
245 00 ^aความรู้สึกดีที่เรียกว่ารัก : ต่างมุมรัก/^cนภชล
250    ^aพิมพ์ครั้งที่ 2
260    ^aกรุงเทพฯ :^bแจ่มใส,^c2551
300    ^a299 หน้า
710 1  ^aแจ่มใส
945    ^p189^l0^i15028
995    ^aกัณชพร
999    ^aใช้งานได้ทุกระบบ
รายการนี้ยังไม่มีแท็ก
คุณยังไม่ได้ล็อกอิน คุณสามารถมีกิจกรรมร่วมกับเว็บไซต์ได้ แต่ต้องล็อกอินก่อน ::
  ล็อกอิน

รายการสื่อสารสนเทศ

ลำดับที่ ประเภท เลขเรียก/บาร์โค้ด สถานที่ สถานะ
1. นวนิยาย
นวนิยาย
นว. น190ว 2551  
  Barcode: 15028
ห้องสมุดวิทยาเขตสวรรค์ประชารักษ์
►นวนิยาย
บนชั้น
  ขอยืม

รายการใกล้เคียง
    ผู้แต่ง [นภชล]

BibComment


ยังไม่เคยถูกคอมเมนท์

คอมเมนท์ทรัพยากรรายการนี้
  คอมเมนท์: ความรู้สึกดีที่เ..


 Copyright 2026. Bcnsprnw @Library